| 000 | 00656nam a2200241 a 4500 | ||
|---|---|---|---|
| 999 |
_c4246 _d4246 |
||
| 001 | 4246 | ||
| 003 | BD-JhCC | ||
| 005 | 20171125175018.0 | ||
| 008 | 171125s1958 enka|||| |||| 001 0 eng d | ||
| 035 | _a(BD-JhCC) | ||
| 040 |
_aBD-JhCC _dBD-JhCC |
||
| 041 | _aeng | ||
| 082 |
_a551.5 _bPET 1958 |
||
| 100 | _aPetterssen, Sverre | ||
| 245 |
_aIntroduction to Meteorology / _cSverre Petterssen, |
||
| 250 | _a2nd Edil. | ||
| 260 |
_aLondon : _bMcgraw-Hill Book Company Inc., _c1958. |
||
| 300 |
_aix,327 p. : _billus., _c24 cm. |
||
| 500 | _aInternational Student Edition. Includes Index. | ||
| 650 | _aMeterology | ||
| 942 |
_2ddc _cBK |
||